| 000 | 01311nam a2200349 c 4500 | ||
|---|---|---|---|
| 003 | BLK | ||
| 005 | 20240712090446.0 | ||
| 008 | 180408b bul|||||r ||||||| ||bul|| | ||
| 010 | _aKNG00096194000 | ||
| 020 |
_a978-954-574-023-7 _bиздат.: Световна библ. |
||
| 040 | _aBLK | ||
| 041 |
_aBUL _cBUL |
||
| 072 | 7 |
_2bullib _aН84 _xБългарска художествена литература Н |
|
| 080 |
_aБългарска литература _b821.163.2 _x-311.6 _z821.163.2-311.6 |
||
| 100 |
_aТренев, Иван Александров _9372436 |
||
| 139 |
_aТренев, Иван Александров _bТ 82 |
||
| 245 | 1 | 0 |
_aБългарските свети мъченици _bРоман _cИван Александров Тренев. |
| 250 | _a3. изд. | ||
| 257 | _aBGR | ||
| 260 |
_аСофия _bСветовна библ. _c2010 |
||
| 300 |
_a448 с. _c21 см |
||
| 380 | _aX | ||
| 500 | _a1. изд. 1989 на Воен. изд. - Съдържа и Непознати думи. | ||
| 653 | _aисторически романи | ||
| 659 | _aН | ||
| 852 | _aЦб 248145 | ||
| 856 | 4 |
_qpdf _u |
|
| 856 | 4 |
_qpdf _u |
|
| 942 |
_cKNG _n0 _07 |
||
| 944 |
_aCR _c19.05.2010 _lДиана Гривева _k30529 |
||
| 944 |
_aED _c28.05.2010 _lф / _k |
||
| 999 |
_c91437 _d91437 |
||